Historia universal del arte : vol. 7 /

Guardado en:
Formato: Libro
Publicado: Madrid : Sarpe, 1982
Materias:
Etiquetas: Agregar Etiqueta
Sin Etiquetas, Sea el primero en etiquetar este registro!
LEADER 00870nam a22002415a 4500
001 CEM.cems009473
005 20080903121253.0
008 130507s1982##################000#0#####d
003 CEMS
020 |a 8472915956 
082 0 4 |a 709 
245 0 0 |a Historia universal del arte :  |b  vol. 7 / 
260 |a Madrid :  |b Sarpe,  |c 1982 
300 |a 148 p. 
505 0 |a Simbolismo y Art Nouveau -- Fauvismo y Expresionismo -- Cubismo y Futurismo -- Arte abstracto -- Dadaísmo y surrealismo -- Estilo internacional -- Arte latinoamericano -- Arte americano moderno -- El arte europeo después de la Segunda Guerra Mundial 
653 |a Art nouveau 
653 |a Arte abstracto 
653 |a Arte latinoamericano 
653 |a Arte moderno 
653 |a Cubismo 
653 |a Historia del arte 
653 |a Arte 
859 |a CEMS  |b BIB. CEMS - 11 de abril  |h 709  |i Sa74  |p 19120.97  |t Ej.1  |v 7  |3 7